000 01253nam a2200229Ia 4500
999 _c39784
_d39784
001 6389
003 GE_BSU
005 20210407173621.0
008 181216s1989||||ge |||||||||||||| ||geo||
040 _cGE_BSU
041 _ageo
080 _a72(075.8) ო-59
100 _aორლოვსკი, ბ.
_911172
245 _aარქიტექტურა
_b[სახელმძღვ. უმაღლ. საინჟ.-სამშ. სასწ. დაუსწრ. ფაკ-ტების "თბოაირმომარაგებისა და ვენტილაციის" და "წყალმომარაგებისა და კანალიზაციის" სპეც.] /
_cბ. ორლოვსკი, პ. სერბინოვიჩი; რედ.: ჯ. მაღაღურაძე.
264 _a თბ. :
_bგანათლება,
_c 1989.
300 _a456 გვ;
_bილ;
_c21 სმ.
504 _aბიბლიოგრ. გვ.452-453.
653 _aარქიტექტურა
700 _aსერბინოვიჩი, პ.
_eავტორი
_911173
700 _a მალაღურაძე, ჯ.
_eრედაქტორი
_911174
942 _cBK
_2udc